| 000 | 00900cam a22002773a 4500 | ||
|---|---|---|---|
| 001 | 26449 | ||
| 003 | PGUSA | ||
| 005 | 20140828083554.0 | ||
| 008 | 080828s2008||||xxu|||||s|||||000 | eng d | ||
| 040 |
_aPGUSA _beng |
||
| 042 | _adc | ||
| 050 | 4 | _aN | |
| 100 | 1 |
_aFairholt, F. W. _q(Frederick William), _d1814-1866 |
|
| 245 | 1 | 0 |
_aRambles of an Archaeologist Among Old Books and in Old Places : _bBeing Papers on Art, in Relation to Archaeology, Painting, Art-Decoration, and Art-Manufacture _h[electronic resource] / _cF. W. Fairholt |
| 260 |
_bProject Gutenberg, _c2008 |
||
| 506 | _aPublic domain in the USA. | ||
| 516 | _aElectronic text | ||
| 653 | _aDecoration and ornament | ||
| 653 | _aArt | ||
| 653 | _aRings | ||
| 653 | _aDürer, Albrecht, 1471-1528 | ||
| 653 | _aJewelry | ||
| 830 | 0 |
_aProject Gutenberg _v26449 |
|
| 856 | 4 | 0 | _uhttp://www.gutenberg.org/ebooks/26449 |
| 942 | _cEB | ||
| 999 |
_c255704 _d255704 |
||